| 000 | 00566nam a22002177a 4500 | ||
|---|---|---|---|
| 003 | OSt | ||
| 005 | 20180116183019.0 | ||
| 008 | 151029b xxu||||| |||| 00| 0 eng d | ||
| 020 | _a9788131776490 | ||
| 040 |
_a0 _c0 |
||
| 082 | _a341.2 PEA 2013 | ||
| 100 | _aKelly-Kate S. Pease | ||
| 245 |
_aInternational Organizations _cKelly-Kate S. Pease |
||
| 250 | _a5th Ed. | ||
| 260 |
_aIndia _bPearson _c2013 |
||
| 300 |
_a354 p. _bPB |
||
| 440 | _aInternational Organizations | ||
| 600 | _aKelly-Kate S. Pease | ||
| 700 | _aKelly-Kate S. Pease | ||
| 942 |
_2ddc _cBK |
||
| 999 |
_c350493 _d350493 |
||